1631 1358 1933 1626 1253 1676 1042 1405 1339 1892 1448 1836 1297 1171 1148 1211 1321 1495 1349 1397 1078 1706 1985 1761 1535 1854 1710 1727 1624 1585 1944 1552 1366 1518 1168 1317 1988 1367 1132 1296 1782 1650 1840 1498 1275 1236 1879 1483 1836 1960 1916 1249 1299 1876 1745 1099 1323 1016 1126 1627 1597 1621 1652 1721 1104 1491 1958 1923 1357 1688 1972 1628 1537 1457 1159 1064 1948 1232 1789 1087 1633 1913 1319 1847 1634 1778 1322 1900 1050 1522 1441 1966 1272 1990 1149 1954 1656 1374 1701 BCNSPRNW ULIB Ver.6.0+V

เปลี่ยนเป็นภาษาไทย

Change to English
 แสดงรายละเอียดบรรณานุกรม
  กลับหน้าหลัก

Brief Record : Get Marc (ISO 2709) : E-mail record : QR code < ปิดหน้าต่าง
LEADER : 00000nam 2200000uu 4500
001    13399112462
003     ULIB
008    110816s2547||||th 000 0 tha d
020    9742779392
020    9789742779399
050  4 HN700.55^bส191ท 2547
100 0  สนธยา พลศรี
245 10 ทฤษฎีและหลักการพัฒนาชุมชน /^cสนธยา พลศรี
250    พิมพ์ครั้งที่ 5
260    กรุงเทพฯ :^bโอเดียนสโตร์,^c2547
300    247 หน้า :^bภาพประกอบ ;^c24 ซม.
650  4 การพัฒนาชุมชน
945    ^p165^l0^i022244
945    ^p165^l0^i022245
945    ^p165^l0^i022246
995    ทศพร
999 ^a ทศพร
รายการนี้ยังไม่มีแท็ก
คุณยังไม่ได้ล็อกอิน คุณสามารถมีกิจกรรมร่วมกับเว็บไซต์ได้ แต่ต้องล็อกอินก่อน ::
  ล็อกอิน

รายการสื่อสารสนเทศ

ลำดับที่ ประเภท เลขเรียก/บาร์โค้ด สถานที่ สถานะ
- ไม่พบข้อมูล -

รายการใกล้เคียง
    ผู้แต่ง [สนธยา พลศรี]

    หัวเรื่อง [การพัฒนาชุมชน]

BibComment


ยังไม่เคยถูกคอมเมนท์

คอมเมนท์ทรัพยากรรายการนี้
  คอมเมนท์: ทฤษฎีและหลักการพั..


 Copyright 2026. Bcnsprnw @Library